Фотопроводимость: сборник статей; пер. с англ.; Фотопроводимость; Фотопроводимость в дальней инфракрасной области

Detalles Bibliográficos
Lenguaje:ruso
Publicado: Москва, Наука, 1967
TOC:Т. Мосс, Фотопроводимость;
Е. Патли, Фотопроводимость в дальней инфракрасной области;
Colección:Современные проблемы физики
Materias:
Formato: MixedMaterials Libro
KOHA link:https://koha.lib.tpu.ru/cgi-bin/koha/opac-detail.pl?biblionumber=180454

MARC

LEADER 00000nam0a2200000 4500
001 180454
005 20231031170804.0
035 |a (RuTPU)RU\TPU\book\195626 
090 |a 180454 
100 |a 20100517d1967 km y0rusy50 ca 
101 1 |a rus  |c eng 
102 |a RU 
105 |a a z 001zy 
200 1 |a Фотопроводимость  |e сборник статей  |e пер. с англ. 
210 |a Москва  |c Наука  |d 1967 
215 |a 156 с.  |c ил. 
225 1 |a Современные проблемы физики 
320 |a Библиография в конце разделов. 
464 |t Фотопроводимость  |f Т. Мосс 
464 |t Фотопроводимость в дальней инфракрасной области  |f Е. Патли 
610 1 |a фотопроводимость 
610 1 |a фотоэлектродвижущие силы 
610 1 |a феноменологическая теория 
610 1 |a спектры 
610 1 |a инфракрасные области 
610 1 |a твердые тела 
610 1 |a плазма 
610 1 |a фотоэлектрические явления 
610 1 |a излучение 
610 1 |a фотоэлектрические приемники 
675 |a 535.2  |v 3 
801 1 |a RU  |b 63413507  |c 20100517 
801 2 |a RU  |b 63413507  |c 20110217  |g RCR 
942 |c BK